|
|
|
|
| LEADER |
00000nam0a2200000 4500 |
| 001 |
166531 |
| 005 |
20231031162519.0 |
| 010 |
|
|
|a 5747001264
|
| 020 |
|
|
|a RU
|b 89-79271
|
| 035 |
|
|
|a (RuTPU)RU\TPU\book\180642
|
| 090 |
|
|
|a 166531
|
| 100 |
|
|
|a 20091003d1989 m y0rusy5003 ca
|
| 101 |
0 |
|
|a rus
|
| 102 |
|
|
|a RU
|
| 105 |
|
|
|a y z 000zy
|
| 200 |
1 |
|
|a Автоматизация многочерпаковых драг
|f М. Е. Царегородцев, В. Б. Пономарев, Ю. Е. Царегородцев
|
| 210 |
|
|
|a Красноярск
|c Изд-во Краснояр. ун-та
|d 1989
|
| 215 |
|
|
|a 398 с.
|c ил.
|
| 320 |
|
|
|a Библиогр.: с. 382-393.
|
| 610 |
1 |
|
|a драги
|
| 610 |
1 |
|
|a многочерпаковые драги
|
| 610 |
1 |
|
|a автоматизация
|
| 610 |
1 |
|
|a драгирование
|
| 610 |
1 |
|
|a технологические процессы
|
| 610 |
1 |
|
|a черпаковая цепь
|
| 610 |
1 |
|
|a лебедки
|
| 610 |
1 |
|
|a электроприводы
|
| 610 |
1 |
|
|a электроприводы тиристорные
|
| 675 |
|
|
|a 622.271.5
|z rus
|
| 700 |
|
1 |
|a Царегородцев
|b М. Е.
|g Михаил Егорович
|
| 701 |
|
1 |
|a Пономарев
|b В. Б.
|g Владимир Борисович
|
| 701 |
|
1 |
|a Царегородцев
|b Ю. Е.
|g Юрий Егорович
|
| 801 |
|
0 |
|a RU
|b RuMRKP
|c 19950417
|g psbo
|
| 801 |
|
1 |
|a RU
|b 63413507
|c 20091003
|
| 801 |
|
2 |
|a RU
|b 63413507
|c 20100521
|g RCR
|
| 942 |
|
|
|c BK
|